Použitie dig data aplikácií v inteligentných mestách bakalárska práca

Enregistré dans:
Détails bibliographiques
Auteur principal: Fančovič, Denis
Collectivité auteur: Fakulta hospodárskej informatiky EU. Katedra aplikovanej informatiky
Autres auteurs: Mináriková, Erika, 1996-
Format: Livre
Langue:slovaque
Publié: Bratislava 2024
Tags: Ajouter un tag
Pas de tags, Soyez le premier à ajouter un tag!

MARC

LEADER 00000nbm a2200000 4500
001 0302594
005 20250124105729.8
041 0 |a slo 
044 |a SK 
245 1 0 |a Použitie dig data aplikácií v inteligentných mestách  |b bakalárska práca  |c Denis Fančovič ; školiteľ: Erika Mináriková 
264 1 |a Bratislava  |c 2024 
300 |a 42 s. 
100 1 |a Fančovič, Denis 
700 1 |a Mináriková, Erika, 1996- 
710 2 |a Fakulta hospodárskej informatiky EU. Katedra aplikovanej informatiky